ნორმალური ფორმატი
MARC ფორმატი
ჩანაწერი Topical Term
ჩანაწერთა რაოდენობა, რომელიც გამოყენებულია: 1
001 - CONTROL NUMBER
- control field: 9689
003 - CONTROL NUMBER IDENTIFIER
- control field: GE_BSU
005 - DATE AND TIME OF LATEST TRANSACTION
- control field: 20201102143339.0
008 - FIXED-LENGTH DATA ELEMENTS
- fixed length control field: 201102|| aca||aabn | a|a d
040 ## - CATALOGING SOURCE
- Original cataloging agency: GE_BSU
- Transcribing agency: GE_BSU
150 ## - HEADING--TOPICAL TERM
- Topical term or geographic name entry element: Hospitality industry
- General subdivision: Management.
670 ## - SOURCE DATA FOUND
- Source citation: Work cat.: (GE_BSU)0: Evans, Nigel, 1955- author. 9688, Strategic management for tourism, hospitality and events /
